Baseball Trivia - Statistics

General Stats
  • This quiz has been taken 29 times
  • The average score is 4 of 15
Answer Stats
Hint Answer % Correct
What catcher could hold 7 baseballs in his hand? Johnny Bench
61%
What player's nickname was Big Bird? Mark Fidrych
52%
What coach was ejected for wearing a fake mustache? Bobby Valentine
43%
Who was the first manager to win a World Series in each league? Sparky Anderson
43%
Who is the youngest player to play in the MLB? Joe Nuxhall
39%
Who was the first player to steal 100 bases or more in a season? Maury Wills
39%
Who was the only American League batting champion to not record a homer that season? Rod Carew
22%
Which batter hit into the most triple plays in his career? Brooks Robinson
17%
Who is the only player to have played his entire career exclusively with teams originally based in New York? (Giants, Dodgers, Mets, and Yankees). Darryl Strawberry
17%
Who is the only pitcher to surrender a home run to all 3 Alou brothers? Fergie Jenkins
13%
Who is the only player to hit on the losing side and winning side of a World Series? Edgar Renteria
9%
Who was the first MLB player to reach 100 HR? Harry Stovey
9%
What Yankees player co-created Big League Chew? Jim Bouton
9%
Who is one of the only players in MLB history to win 3 hitting triple crowns? Oscar Charleston
9%
What slugger's name is composed of 4 body parts? Tony Armas
9%
No matching quizzes found
Score Distribution
Percent of People with Each Score
Percentile by Number Answered
Your Score History
You have not taken this quiz